Educación ambiental en la Regional 08 Santiago de los Caballeros (Record no. 12520)

MARC details
000 -LEADER
campo de control de longitud fija 01320nam a22001937a 4500
005 - FECHA Y HORA DE LA ÚLTIMA TRANSACCIÓN
campo de control 20250313153945.0
008 - DATOS DE LONGITUD FIJA--INFORMACIÓN GENERAL
campo de control de longitud fija 250313b2024 dr adc|f t|p|o00| 0 spa d
040 ## - FUENTE DE CATALOGACIÓN
Centro catalogador/agencia de origen CGIP00239
Centro/agencia transcriptor CGIP00239
Normas de descripción rda
082 ## - NÚMERO DE LA CLASIFICACIÓN DECIMAL DEWEY
Información de edición 333.714 7293 56/I59
Número de clasificación 21
110 ## - ENTRADA PRINCIPAL--NOMBRE DE ENTIDAD CORPORATIVA
Nombre de entidad corporativa o nombre de jurisdicción como elemento de entrada Instituto Dominicano de Evaluación e Investigación de la Calidad Educativa (IDEICE)
245 ## - MENCIÓN DEL TÍTULO
Título Educación ambiental en la Regional 08 Santiago de los Caballeros
Mención de responsabilidad, etc. Instituto Dominicano de Evaluación e Investigación de la Calidad Educativa (IDEICE)
260 ## - PUBLICACIÓN, DISTRIBUCIÓN, ETC.
Lugar de publicación, distribución, etc. Santo Domingo :
Nombre del editor, distribuidor, etc. Instituto Dominicano de Evaluación e Investigación de la Calidad Educativa (IDEICE)
Fecha de publicación, distribución, etc. 2024
300 ## - DESCRIPCIÓN FÍSICA
Extensión 18p.
520 ## - RESUMEN, ETC.
Sumario, etc. La educación ambiental es crucial por su capacidad para generar conciencia en los individuos sobre los desafíos que enfrenta el medio ambiente y para fomentar una actitud responsable y activa en cuanto a la protección y cuidado de este
650 ## - PUNTO DE ACCESO ADICIONAL DE MATERIA--TÉRMINO DE MATERIA
Fuente del encabezamiento o término Educación ambiental -- Enseñanza educación ambiental, Estudio de impacto medio ambiental -- República Dominicana, Santiago de los Caballeros -- República Dominicana.
700 ## - ENTRADA AGREGADA--NOMBRE PERSONAL
Nombre de persona Ramírez, Jessica - Gutiérrez Martes, Ashley Altagracia
856 ## - LOCALIZACIÓN Y ACCESO ELECTRÓNICOS
Identificador Uniforme de Recurso <a href="https://ideice.gob.do/documentacion/publicaciones-id-p1-207-educacion-ambiental-en-la-regional-08-santiago-de-los-caballeros">https://ideice.gob.do/documentacion/publicaciones-id-p1-207-educacion-ambiental-en-la-regional-08-santiago-de-los-caballeros</a>
942 ## - ELEMENTOS DE ENTRADA SECUNDARIOS (KOHA)
Fuente de la clasificación o esquema de estantería Clasificación Decimal Dewey
Tipo de ítem Koha Folletos
Suprimir en OPAC No
Holdings
Estatus retirado Estado de pérdida Fuente de la clasificación o esquema de estantería Estado de daño No para préstamo Biblioteca de origen Biblioteca actual Fecha de adquisición Total de préstamos Visto por última vez Identificador uniforme de recursos Precio de reemplazo Tipo de ítem Koha
    Clasificación Decimal Dewey     Repositorio IDEICE Repositorio IDEICE 13/03/2025   13/03/2025 https://ideice.gob.do/documentacion/publicaciones-id-p1-207-educacion-ambiental-en-la-regional-08-santiago-de-los-caballeros 13/03/2025 Folletos

© 2024. Todos los Derechos Reservados. Desarrollado por IDEICE